Statistiques concernant Filmographie de Tom Hanks

Cliquez ici pour prendre le quiz!

Statistiques générales

  • Ce quiz a été pris 186 fois
  • Le résultat moyen est 10 sur 59

Statistiques - réponses

Année de sortieFilm% Correct
1994Forrest Gump
94%
2001Seul au monde
71%
1999La Ligne verte
67%
1998Il faut sauver le soldat Ryan
60%
1993Philadelphia
60%
2004Le Terminal
58%
2002Arrête-moi si tu peux
56%
2006Da Vinci code
48%
2016Sully
44%
1988Big
37%
2013Capitaine Phillips
32%
2015Le pont des espions
31%
2022ELVIS
29%
2009Anges et Démons
26%
1995Apollo 13
24%
2004Le Pôle Express
24%
2015Inferno
23%
1984Splash
19%
1993Nuits blanches à Seattle
17%
2017Pentagon Papers
17%
2022Pinocchio
16%
1998Vous avez un message
15%
2002Les sentiers de la perdition
13%
2011Cloud Atlas
12%
1988Turner et Hooch
12%
2021Finch
10%
2015The Circle
10%
2004Ladykillers
8%
1989Les banlieusards
8%
2006La guerre selon Charlie Wilson
6%
2011Il n'est jamais trop tard
4%
2020La mission
4%
2019Toy Story 4
4%
2016Un hologramme pour le roi
4%
1997
That thing you do !
3%
2011Extrêmement fort et incroyablement près
3%
1990Le Bûcher des vanités
3%
1986Une baraque à tout casser
3%
1987Dragnet
2%
2020Greyhound
2%
1984Le Palace en délire
2%
1980Noces sanglantes
2%
2013Dans l'ombre de Mary - la promesse de walt Disney
1%
1989Joe contre le volcan
1%
1982Les monstres du labyrinthe
1%
1985L'homme à la chaussure rouge
1%
2008Mister Showman
1%
1991Radio Flyer
1%
1985Toujours prêts
1%
1991Une équipe hors du commun
1%
2020Borat Subsequent Moviefilm
0%
2004Magnifique désolation : marchons sur la lune
0%
2004Mais où est passé Elvis ?
0%
2011Mini Buzz
0%
1989Punchline - Le mot de la fin
0%
2012Rex le roi de la fête
0%
1995The Celluloid closet
0%
2013Toy Story : Angoisse au Motel
0%
2011Vacances à Hawaï
0%

Distribution des résultats

Percentile par nombre de réponses

% des personnes avec chaque résultat

Votre développement - résultats

Vous n’avez pas pris ce quiz